| 000 | 00709nam a2200265 a 4500 | ||
|---|---|---|---|
| 003 | AR-BaBNM | ||
| 005 | 20251128205853.0 | ||
| 008 | 082120s2002 ||||||||||||||000 | spa|| | ||
| 020 | _a950-02-6335-1 | ||
| 040 | _cAR-BaBNM | ||
| 100 | 1 | _aKirbus, Federico B. | |
| 245 | 0 | 0 |
_aGuía ilustrada de las regiones turísticas argentinas _bnordeste y mesopotamia. 2 |
| 250 | _a1ª ed. | ||
| 260 |
_aBuenos Aires _bEl Ateneo _c1995 |
||
| 300 |
_avii, 132 p. _bil., láms. |
||
| 650 | 4 | _aTURISMO | |
| 650 | 4 | _aACTIVIDADES DE TIEMPO LIBRE | |
| 650 | 4 | _aVIAJES | |
| 650 | 4 | _aGUIAS DE VIAJE | |
| 650 | 4 | _aGEOGRAFIA | |
| 650 | 4 | _aBELLEZAS NATURALES | |
| 651 | 4 | _aArgentina | |
| 942 | _cBK | ||
| 998 | _cMARTIN | ||
| 999 |
_c13091 _d13091 |
||